Úplné náklady práce v SR za rok 1994
Výsledky výberového štatistického zisťovania ŠÚ SR u úplných nákladoch práce v SR za rok 1994. Celkové náklady práce, priame náklady práce, nepriame náklady práce. Pracovníci a náklady práce. Štruktúra nákladov práce. Hodinové náklady práce. Medzinárodné porovnanie nákladov práce. Hodinové náklady p...
Gespeichert in:
| 1. Verfasser: | |
|---|---|
| Format: | Buchkapitel |
| Sprache: | Slowakisch |
| Schlagworte: | |
| Tags: |
Keine Tags, Fügen Sie das erste Tag hinzu!
|
MARC
| LEADER | 00000naa a2200000 4500 | ||
|---|---|---|---|
| 001 | r018873 | ||
| 005 | 20221205102600.6 | ||
| 041 | 0 | |a slo | |
| 044 | |a SK | ||
| 245 | 1 | 0 | |a Úplné náklady práce v SR za rok 1994 |c František Hlad |
| 520 | |a Výsledky výberového štatistického zisťovania ŠÚ SR u úplných nákladoch práce v SR za rok 1994. Celkové náklady práce, priame náklady práce, nepriame náklady práce. Pracovníci a náklady práce. Štruktúra nákladov práce. Hodinové náklady práce. Medzinárodné porovnanie nákladov práce. Hodinové náklady práce v priemysle v jednotlivých krajinách. | ||
| 610 | 2 | 0 | |a zisťovanie štatistické |
| 610 | 2 | 0 | |a ŠÚ SR Bratislava |
| 610 | 2 | 0 | |a Slovensko |
| 610 | 2 | 0 | |a 1994 |
| 610 | 2 | 0 | |a náklady |
| 610 | 2 | 0 | |a práca |
| 610 | 2 | 0 | |a subvencie |
| 610 | 2 | 0 | |a náklady mzdové |
| 610 | 2 | 0 | |a odvetvia činnosti ekonomickej |
| 610 | 2 | 0 | |a náklady priame |
| 610 | 2 | 0 | |a náklady režijné |
| 610 | 2 | 0 | |a náklady úhrnné |
| 610 | 2 | 0 | |a pracovníci |
| 610 | 2 | 0 | |a porovnanie medzinárodné |
| 610 | 2 | 0 | |a údaje štatistické |
| 100 | 1 | |a Hlad, František | |